000 01322nam0a22002651 4500
001 rc\4616153
005 20250611210329.0
021 _aRU
_bРг857-66
035 _a(NLR Aleph) 008397076
090 _a9212875
_c9212875
100 _a20130416d1965 |||y0rusy50 ca
101 0 _arus
102 _aRU
105 _ay z |||||
200 1 _aДоклады и тезисы сообщений
_fНауч. совет при президиуме АН СССР по проблеме "История Великой Окт. соц. революции". Секция "Общие закономерности и особенности развития России в период империализма". Ин-т истории Акад. наук СССР. Группа по изучению истории пролетариата России в период капитализма
210 _aМосква
_cБ. и.
_d1965
215 _a[1], 169 с.
_d21
300 _aОтпеч. множит. аппаратом
710 1 2 _aНаучная сессия по истории Первой русской революции 1905-1907 гг.
_f1965
_eМосква
_3RU\NLR\AUTH\880621071
801 0 _aRU
_bNLR
_gpsbo
801 1 _aRU
_bELAR
_2rusmarc
852 _aNLR
_j66-5/586
942 _cBOOK
980 _aNB